|
|
|
|
| LEADER |
00000nam a22000007a 4500 |
| 005 |
20210909125148.0 |
| 007 |
cr|||| |||| |
| 008 |
210909s2015 br |||||s|||| 00||0 por d |
| 020 |
|
|
|a 978-85-8310-040-9
|
| 035 |
|
|
|a 35059
|
| 040 |
|
|
|a vLex
|
| 090 |
|
|
|c 12368
|d 12368
|
| 100 |
1 |
|
|a Souto Rodrigues, Daniele
|
| 245 |
1 |
0 |
|a Tributaȯ̂ atual da renda
|h [Recurso electrn̤ico] :
|b Estudo da Lei nð 12.973/2014: Da harmonizaȯ̂ jurd̕ico contb̀il ̉tributaȯ̂ de lucros do exterior /
|c Daniele Souto Rodrigues, Natanael Martins
|
| 256 |
|
|
|a Servicio en ln̕ea
|
| 260 |
|
|
|a San Pablo:
|b Editora Noeses,
|c 2015
|
| 300 |
|
|
|a 1 recurso electrn̤ico
|
| 500 |
|
|
|a Passados cinquenta anos, a disponibilidade jurd̕ica ou econm̥ica da renda mencionada com aparente simplicidade pelo CTN, Lei n. 5.172/1966, ̌tema longe de encontrar uniformidade nas classificaė̳s dos mais renomados doutrinadores, dedicaȯ̂ para o aprofundamento daqueles que enfrentam a questô em estudo mais alongado, mas ̌exatamente ela que subjaz a discussô que at ̌hoje ascende os ńimos nos Tribunais Superiores e na comunidade jurd̕ica quando se define o instante da tributaȯ̂ dos lucros do exterior e, ao que parece, a prp̤ria ediȯ̂ da Lei n. 12.973/2014, numa tentativa de adequaȯ̂ das regras de tributaȯ̂ universal. No mesmo caminho, cada definiȯ̂ tčnica da citada lei sobre os efeitos fiscais das modificaė̳s contb̀eis que inquietam os operadores desde a publicaȯ̂ da Lei n. 11.638/2007, nô fosse a neutralidade fiscal supostamente garantida pelo Regime Tributr̀io de Transiȯ̂, embora possa proporcionar a falsa sensaȯ̂ de resposta a uma questô antes nô solucionada, tambm̌ nô ̌capaz de evitar reflexô maior quanto ao momento de realizaȯ̂ da renda e, portanto, ao prp̤rio conceito de renda construd̕o a partir da Constituiȯ̂ Federal, elaborada ainda em 1988. Composta por dez artigos, a obra cria um espaȯ para constante reflexô sobre a tributaȯ̂ da renda, proporcionando aos leitores acesso s̉ opinie̳s de conhecedores do assunto, ao refletirem sobre as premissas ter̤icas envolvidas e tambm̌ transmitirem suas impresse̳s tčnicas sobre temas especf̕icos tratados em cada ocasiô, como a Lei n. 12.973/2014.
|
| 506 |
1 |
|
|a Disponible solo en los productos indicados
|d vLex Global
|d vLex Global (Academic Edition, excluding Law Schools)
|d vLex Global (U.S. Academic Edition, Law Schools)
|d vLex Global (U.S. Academic Edition, excluding Law Schools)
|d vLex Global (Academic Edition, Law Schools)
|
| 650 |
0 |
4 |
|a Derecho Tributario
|z Brasil
|
| 700 |
1 |
|
|a Martins, Natanael
|
| 740 |
0 |
|
|a vLex Libros (Servicio en ln̕ea)
|
| 856 |
4 |
0 |
|u https://app.vlex.com/#/sources/35059
|z Acceso restringido
|
| 942 |
|
|
|c BOOK
|
| 999 |
0 |
|
|a Tax Law
|